|
|
|
|
| LEADER |
00589nam a22001577a 4500 |
| 020 |
|
|
|a 9780470646212
|
| 082 |
|
|
|a 579
|b BLA.M
|
| 100 |
|
|
|a Jacquelyn G Black
|
| 245 |
|
|
|a Microbiology: International student version
|
| 250 |
|
|
|a 8
|
| 260 |
|
|
|a Singapore
|b John wiley and sons
|c 2013
|
| 650 |
|
|
|a Microbiology
|a Chemistry- fundamentals
|
| 942 |
|
|
|c BK
|
| 999 |
|
|
|c 1479
|d 1479
|
| 952 |
|
|
|0 0
|1 0
|4 0
|6 579_000000000000000_BLA_M
|7 0
|8 NFIC
|9 1479
|a CAMPUS
|b CAMPUS
|d 2015-01-21
|l 0
|o 579 BLA.M
|p 16723
|r 2015-01-21
|w 2015-01-21
|y BK
|
| 952 |
|
|
|0 0
|1 0
|4 0
|7 0
|9 320794
|a BTY
|b BTY
|c GEN
|d 2020-09-29
|o 579 BLA.M
|p BTY2449
|w 2020-09-29
|y BK
|